MARC

LEADER 00000nam1a2200000 4500
001 168672
005 20231031163155.0
010 |a 5319000707 
020 |a RU  |b 88-77416 
035 |a (RuTPU)RU\TPU\book\182990 
090 |a 168672 
100 |a 20091030d1988 m y0rusy5003 ca 
101 1 |a rus 
200 1 |a Рейд к Южному Бугу  |f Д. Т. Бурченко  |g лит. запись И. А. Белокобыльский ; авт. предисл. В. Н. Немятый 
205 |a 2-е изд., перераб. и доп. 
210 |a Киев  |c Политиздат Украины  |d 1988 
215 |a 237,[2] с., [8] л. ил.  |d 21 см 
610 1 |a партизанское движение 
610 1 |a воспоминания 
610 1 |a записки 
610 1 |a Великая Отечественная война 1941-1945 
610 1 |a подпольные организации 
686 |a Т3(2)722  |2 rubbk 
700 1 |a Бурченко  |b Д. Т.  |g Дмитрий Тимофеевич  |4 070 
702 1 |a Белокобыльский  |b И. А.  |g Иван Александрович  |4 010 
702 1 |a Немятый  |b В. Н.  |4 080 
801 0 |a RU  |b RuMRKP  |c 19950417  |g psbo 
801 1 |a RU  |b 63413507  |c 20091030 
801 2 |a RU  |b 63413507  |c 20140228  |g RCR 
942 |c BK